| 000 | 01217 a2200217 4500 | ||
|---|---|---|---|
| 001 | 4475 | ||
| 005 | 20260407155435.0 | ||
| 008 | 260407a1999 arg spa d | ||
| 003 | AR-UNSa-BCEJYS | ||
| 040 |
_aAR-UNSa-BCEJYS _bspa _cAR-UNSa-BCEJYS |
||
| 080 |
_a657 _xContabilidad |
||
| 245 | 1 | 0 |
_aTeoría de la contabilidad _pel abc de su fascinante mundo |
| 020 | _a950-537-462-3 | ||
| 264 | 1 |
_aBuenos Aires : _bEdiciones Macchi _c1999 |
|
| 300 |
_a150 p. _c22 cm. |
||
| 505 | _a1. Concepto de contabilidad - 2. Cronología de los cambios operados en el conocimiento contable - 3. Elementos materiales e inmateriales que hacen factible la aplicación del conocimiento contable - 4. La partida doble. Su aplicación a los informes contables globales - 5. La teoría y la práctica en contabilidad - 6. Cuerpos normativos contables - 7. Modelos contables - 8. La contabilidad como sistema de información para terceros. Contabilidad financiera y patrimonial - 9. La contabilidad como sistema de información para el ente | ||
| 942 | _cBK | ||
| 590 | _aniveau_biblio:m niveau_hierar:0 | ||
| 100 | 1 | _aBiondi, Mario | |
| 856 | 4 | 1 |
_uhttps://www.biblioeco.unsa.edu.ar/pmb/images/libros/L129126.jpg _yImagen de portada _qimage/jpeg |
| 999 |
_c429 _d429 |
||